Integrated library system : (Record no. 123484)

MARC details
000 -LEADER
fixed length control field 00871nam a22002537a 4500
005 - DATE AND TIME OF LATEST TRANSACTION
control field 20170124105926.0
010 ## - LIBRARY OF CONGRESS CONTROL NUMBER
LC control number A-688951
020 ## - INTERNATIONAL STANDARD BOOK NUMBER
Terms of availability 00.00
035 ## - SYSTEM CONTROL NUMBER
System control number A-688951
037 ## - SOURCE OF ACQUISITION
Source of stock number/acquisition Cen Lib/Ret
040 ## - CATALOGING SOURCE
Original cataloging agency DPL
Language of cataloging EN
082 ## - DEWEY DECIMAL CLASSIFICATION NUMBER
Classification number 027.7
245 ## - TITLE STATEMENT
Title Integrated library system :
Statement of responsibility, etc by Maria Luiza Rigo Pasquarelli...[et al.]
Remainder of title two case studies Latin America and India /
246 ## - VARYING FORM OF TITLE
Remainder of title
260 ## - PUBLICATION, DISTRIBUTION, ETC. (IMPRINT)
Name of publisher, distributor, etc New Delhi
Date of publication, distribution, etc 1992
Place of publication, distribution, etc New Delhi
270 ## - ADDRESS
City New Delhi
300 ## - PHYSICAL DESCRIPTION
Extent 144p.
Dimensions 21cm(Hb)
490 ## - SERIES STATEMENT
Series statement Concepts in communication, informatics and librarianship
Volume number/sequential designation no. 40
500 ## - GENERAL NOTE
General note Includes index
650 ## - SUBJECT ADDED ENTRY--TOPICAL TERM
Topical term or geographic name as entry element Library science
9 (RLIN) 104545
650 ## - SUBJECT ADDED ENTRY--TOPICAL TERM
Topical term or geographic name as entry element Library system
9 (RLIN) 6380
700 ## - ADDED ENTRY--PERSONAL NAME
Personal name Pasquarelli, Maria Favero Rigo
9 (RLIN) 6383
942 ## - ADDED ENTRY ELEMENTS (KOHA)
Source of classification or shelving scheme Dewey Decimal Classification
Koha item type English Books
Classification part 027.7
Call number suffix PAS
Holdings
Withdrawn status Lost status Damaged status Not for loan Collection code Home library Current library Date acquired Source of acquisition Cost, normal purchase price Total Checkouts Full call number Barcode Date last seen Copy number Cost, replacement price Price effective from Koha item type
      Not For Loan Reference Central Library Central Library 06/06/2015 Cen Lib/Ret 0.00   027.7 PAS A-688951 06/06/2015 1 0.00 06/06/2015 English Books

© Delhi Public Library
Hit Counter
free hit counter